Tourism geography (Record no. 23182)

MARC details
000 -LEADER
fixed length control field 00438nam a2200169Ia 4500
008 - FIXED-LENGTH DATA ELEMENTS--GENERAL INFORMATION
fixed length control field 230917s9999||||xx |||||||||||||| ||und||
020 ## - ISBN
Price RS995
040 ## - CATALOGING SOURCE
-- 241126
Original cataloging agency VIVEKANANDA LIBRARY
041 ## - Language
-- English
082 ## - DDC NUMBER
Classification number 338.4791 G271T
100 ## - MAIN ENTRY--PERSONAL NAME
Personal name Geetanjali
245 #0 - TITLE STATEMENT
Title Tourism geography
260 ## - PUBLICATION, DISTRIBUTION, ETC. (IMPRINT)
Place of publication, distribution, etc New Delhi
Name of publisher, distributor, etc Ceugage Learning
Date of publication, distribution, etc 2010
300 ## - PHYSICAL DESCRIPTION
Pages vii, 306 p.
500 ## - GENERAL NOTE
General note 2775 13/07/2017 RBP17/67194 18/09/2017 IHTM (SFS)
942 ## - ADDED ENTRY ELEMENTS (KOHA)
Koha item type Books
Holdings
Withdrawn status Lost status Damaged status Not for loan Location (home branch) Sublocation or collection (holding branch) Shelving location Date acquired Koha issues (times borrowed) Koha full call number Accession No. Koha date last seen Koha item type
        VIVEKANANDA LIBRARY VIVEKANANDA LIBRARY IHTM Library 16/11/2017   338.4791 G271T 362794 17/09/2023 Books
        VIVEKANANDA LIBRARY VIVEKANANDA LIBRARY IHTM Library 16/11/2017 1 338.4791 G271T 362795 20/08/2025 Books
        VIVEKANANDA LIBRARY VIVEKANANDA LIBRARY IHTM Library 16/11/2017   338.4791 G271T 367473 17/09/2023 Books
        VIVEKANANDA LIBRARY VIVEKANANDA LIBRARY IHTM Library 16/11/2017   338.4791 G271T 367474 17/09/2023 Books
© Designed and Maintained by Vivekananda Library, MDU Rohtak